000 00251nam a22001097a 4500
999 _c57926
_d57923
082 _a004.076PYL
100 _aSamartsev V V
245 _aCorrelated photons and theor application
260 _aNew Delhi
_bViva Book
_c2016
300 _a174
942 _cBK